Statistiques concernant 10 questions sur une ville française #4 : BREST

Cliquez ici pour prendre le quiz!

Statistiques générales

  • Ce quiz a été pris 304 fois
  • Le résultat moyen est 5 sur 10

Statistiques - réponses

QuestionRéponse% Correct
Quelle ville moins peuplée que Brest est la préfecture du Finistère ?Quimper
93%
Quel est le nom breton de Brest ?Brest
70%
Quel classement occupe-t-elle en termes d'habitants en France ?25ème
67%
Combien Brest compte-t-elle d'habitants ? (à 10 000 près)139 163
66%
Comment se nomme l'étendue d'eau touchée par la ville de Brest ?La rade de Brest
64%
Quelle est sa superficie ? (à 10 km² près)49,51 km²
60%
Comment se nomme la partie de l'océan Atlantique à cet endroit ?La mer d'Iroise
41%
Comment se nomme le bras d'eau qui relie cette étendue à l'océan Atlantique ?Le goulet de Brest
24%
Comment nomme-t'on en breton un habitant de "Brest même" ?Un ti-zef
14%
Comment nomme-t'on en revanche un habitant de Recouvrance (quartier historique de Brest) ?Un Yannick
11%

Distribution des résultats

Percentile par nombre de réponses

% des personnes avec chaque résultat

Votre développement - résultats

Vous n’avez pas pris ce quiz